<?xml version="1.0" encoding="UTF-8"?>
<record
    xmlns:xsi="http://www.w3.org/2001/XMLSchema-instance"
    xsi:schemaLocation="http://www.loc.gov/MARC21/slim http://www.loc.gov/standards/marcxml/schema/MARC21slim.xsd"
    xmlns="http://www.loc.gov/MARC21/slim">

  <leader>03825nam a2200301 a 4500</leader>
  <controlfield tag="003">OSt</controlfield>
  <controlfield tag="005">20251111111512.0</controlfield>
  <controlfield tag="007">cr ||||||a|c|a</controlfield>
  <controlfield tag="008">230518s2019    mx a|||fom||| 001 0 spa d</controlfield>
  <datafield tag="040" ind1=" " ind2=" ">
    <subfield code="e">rda</subfield>
  </datafield>
  <datafield tag="100" ind1="1" ind2=" ">
    <subfield code="9">187094</subfield>
    <subfield code="a">Villar Montellano, Mar&#xED;a Ang&#xE9;lica</subfield>
  </datafield>
  <datafield tag="245" ind1="1" ind2="0">
    <subfield code="a">Evaluaci&#xF3;n de progenies avanzadas de nochebuena (Euphorbia pulcherrima Willd ex Klotzsch) en Zacatepec, Morelos /</subfield>
    <subfield code="c">por Mar&#xED;a Ang&#xE9;lica Villar Montellano; director de tesis Jaime Canul Ku.</subfield>
  </datafield>
  <datafield tag="264" ind1=" " ind2="1">
    <subfield code="a">Chapingo, M&#xE9;xico :</subfield>
    <subfield code="b">El autor,</subfield>
    <subfield code="c">2019.</subfield>
  </datafield>
  <datafield tag="300" ind1=" " ind2=" ">
    <subfield code="a">1 recurso en l&#xED;nea (50 p&#xE1;ginas):</subfield>
    <subfield code="b">cuadros, figuras.</subfield>
  </datafield>
  <datafield tag="336" ind1=" " ind2=" ">
    <subfield code="2">rdacontent</subfield>
    <subfield code="a">texto</subfield>
    <subfield code="b">txt</subfield>
  </datafield>
  <datafield tag="337" ind1=" " ind2=" ">
    <subfield code="2">rdamedia</subfield>
    <subfield code="a">computadora</subfield>
    <subfield code="b">c</subfield>
  </datafield>
  <datafield tag="338" ind1=" " ind2=" ">
    <subfield code="2">rdacarrier</subfield>
    <subfield code="a">recurso en l&#xED;nea</subfield>
    <subfield code="b">cr</subfield>
  </datafield>
  <datafield tag="502" ind1=" " ind2=" ">
    <subfield code="b">IAEF</subfield>
    <subfield code="c">Fitotecnia</subfield>
    <subfield code="d">2019.</subfield>
    <subfield code="g">LIC</subfield>
  </datafield>
  <datafield tag="504" ind1=" " ind2=" ">
    <subfield code="a">Incluye referencias bibliogr&#xE1;ficas: p&#xE1;ginas 46-50.</subfield>
  </datafield>
  <datafield tag="520" ind1=" " ind2=" ">
    <subfield code="a">Para la producci&#xF3;n de planta de nochebuena en maceta, M&#xE9;xico importa material mejorado de otros pa&#xED;ses, de Estados Unidos principalmente; muchos de estos materiales est&#xE1;n adaptados a otras condiciones por lo que al ser establecidos en las zonas productoras de M&#xE9;xico presentan diversos problemas como son: la poca adaptabilidad, generando plantas de mala calidad. Por ello, en el a&#xF1;o 2010 el Campo Experimental Zacatepec del Instituto Nacional de Investigaciones Forestales, Agr&#xED;colas y Pecuarias (INIFAP) inici&#xF3; en forma sistematizada el programa de mejoramiento gen&#xE9;tico, como resultado se tienen materiales potenciales que pueden ser evaluados e identificados para determinar si son aptos para su registro como nueva variedad. Por lo anterior, el objetivo de este trabajo fue evaluar, identificar y seleccionar las progenies sobresalientes, en base a los criterios agron&#xF3;micos que demanda el mercado. Se evaluaron diez materiales denominados: GAM1, GAM2, GAM3, GAM4, GAM5, GAM6, GAM7, GAM8, GAM9 y GAM10, Se utiliz&#xF3; un dise&#xF1;o experimental de bloques completos al azar, considerando a una planta como unidad experimental, teniendo 10 repeticiones por tratamiento. Las variables que se registraron fueron los siguientes: altura de la planta(cm), n&#xFA;mero de ramas y entrenudos, di&#xE1;metro de ciatio (cm), longitud del peciolo de la br&#xE1;ctea (cm), largo de la br&#xE1;ctea (cm), ancho de br&#xE1;ctea (cm), longitud de la hoja (cm), ancho de la hoja (cm), y longitud del peciolo de la hoja (cm). Con base en la informaci&#xF3;n obtenida se realiz&#xF3; an&#xE1;lisis de varianza y comparaci&#xF3;n de medias mediante la prueba de Tukey (P &#x2264; 0.05), utilizando el programa de an&#xE1;lisis estad&#xED;stico SAS. El an&#xE1;lisis de varianza mostr&#xF3; diferencias estad&#xED;sticas altamente significativas para la mayor&#xED;a de los caracteres, a excepci&#xF3;n de la variable de di&#xE1;metro de tallo. El coeficiente de variaci&#xF3;n con el valor m&#xE1;s alto se obtuvo en la caracter&#xED;stica n&#xFA;mero de ramas con 25.84% y con el menor valor se registr&#xF3; en di&#xE1;metro del tallo con 11.13%. Del total de genotipos evaluados, el que no destaco en ninguna caracter&#xED;stica fue GAM6. Los 9 restantes sobresalieron en: altura de GAM1, en n&#xFA;mero de entrenudos, GAM5; en largo ancho de br&#xE1;ctea y hoja fueron GAM8 y GAM9. Las progenies GAM8 y GAM9 fueron los materiales que presentaron mejor respuesta en caracter&#xED;sticas deseables en nochebuena y GAM8 fue el que reuni&#xF3; m&#xE1;s caracter&#xED;sticas aceptables, el cual permiti&#xF3; diferenciarlo del total de los materiales evaluados.</subfield>
  </datafield>
  <datafield tag="650" ind1=" " ind2="4">
    <subfield code="9">186233</subfield>
    <subfield code="a">Flor de nochebuena</subfield>
    <subfield code="x">Mejoramiento gen&#xE9;tico</subfield>
  </datafield>
  <datafield tag="650" ind1=" " ind2="4">
    <subfield code="9">129001</subfield>
    <subfield code="a">Flor de nochebuena</subfield>
    <subfield code="x">Fisolog&#xED;a y morfolog&#xED;a</subfield>
  </datafield>
  <datafield tag="650" ind1=" " ind2="4">
    <subfield code="9">41305</subfield>
    <subfield code="a">Flor de nochebuena</subfield>
    <subfield code="x">Calidad</subfield>
  </datafield>
  <datafield tag="650" ind1=" " ind2="4">
    <subfield code="9">41313</subfield>
    <subfield code="a">Flor de Nochebuena</subfield>
    <subfield code="x">Variedades</subfield>
  </datafield>
  <datafield tag="700" ind1="1" ind2=" ">
    <subfield code="9">18552</subfield>
    <subfield code="a">Canul Ku, Jaime</subfield>
    <subfield code="e">director.</subfield>
  </datafield>
  <datafield tag="856" ind1=" " ind2=" ">
    <subfield code="u">http://10.13.5.2/tesis/tl/Villar_Montellano_Maria_Angelica.pdf</subfield>
    <subfield code="z">DESCARGAR PDF</subfield>
  </datafield>
  <datafield tag="942" ind1=" " ind2=" ">
    <subfield code="2">Clasificaci&#xF3;n Universidad Aut&#xF3;noma Chapingo</subfield>
    <subfield code="c">TD</subfield>
  </datafield>
  <datafield tag="999" ind1=" " ind2=" ">
    <subfield code="c">218787</subfield>
    <subfield code="d">218787</subfield>
  </datafield>
  <datafield tag="952" ind1=" " ind2=" ">
    <subfield code="0">0</subfield>
    <subfield code="1">0</subfield>
    <subfield code="2">local</subfield>
    <subfield code="4">0</subfield>
    <subfield code="5">1</subfield>
    <subfield code="7">0</subfield>
    <subfield code="8">TesDigL</subfield>
    <subfield code="a">BD</subfield>
    <subfield code="b">BD</subfield>
    <subfield code="c">E_L</subfield>
    <subfield code="d">2023-05-18</subfield>
    <subfield code="l">0</subfield>
    <subfield code="o">Tesis digital</subfield>
    <subfield code="r">2023-05-18 00:00:00</subfield>
    <subfield code="w">2023-05-18</subfield>
    <subfield code="y">TD</subfield>
  </datafield>
</record>
